African Capitals by Bordering Country Capitals Quiz Stats

Quiz Updated Dec 10, 2017

Challenge
Share
Tweet
Embed
Score 0/54 Timer 15:00
4 Plays Today
% Correct
Antananarivo
74.4%
Cairo
71.7%
Sao Tome
70.1%
Tunis
69.5%
Rabat
67.7%
Port Louis
67%
Djibouti
66.6%
Victoria
65.6%
Addis Ababa
65.5%
Praia
64.8%
Tripoli
64.8%
Algiers
63.1%
Mogadishu
62.7%
Khartoum
62.7%
Pretoria
61.2%
Asmara
61.1%
Moroni
60.5%
Gaborone
59.6%
Kinshasa
58.9%
Nairobi
57.9%
Kigali
57.2%
Bissau
57.1%
Banjul
56.2%
Mbabane
56.2%
Maseru
55.9%
Lomé
55.7%
Luanda
55.5%
% Correct
Dakar
54.7%
Abuja
54.6%
Bujumbura
54.4%
Harare
54.1%
Windhoek
54.1%
Nouakchott
53.9%
Juba
53.9%
Brazzaville
53.5%
Freetown
53.5%
Maputo
52.9%
Accra
52.9%
N'Djamena
52.8%
Bamako
52.6%
Monrovia
52.5%
Libreville
51.2%
Niamey
51.2%
Kampala
51.1%
Porto Novo
51%
Lilongwe
50.3%
Conakry
50.3%
Dodoma
50.3%
Ouagadougou
50%
Lusaka
49.8%
Bangui
49%
Malabo
48.2%
Yaoundé
47.2%
Yamoussoukro
43.5%

You're not logged in!

Compare scores with friends on all Sporcle quizzes.
Sign Up with Email
OR
Log In

You Might Also Like...

Show Comments

Extras

Top Quizzes Today


Score Distribution

Your Account Isn't Verified!

In order to create a playlist on Sporcle, you need to verify the email address you used during registration. Go to your Sporcle Settings to finish the process.